|
|
|
|
| LEADER |
01451nam a2200397Ia 4500 |
| 001 |
EBC467655 |
| 003 |
MiAaPQ |
| 005 |
20200520144314.0 |
| 006 |
m o d | |
| 007 |
cr cn||||||||| |
| 008 |
070915s2008 ne ab s 000 0 eng d |
| 020 |
|
|
|z 9789004164406
|
| 020 |
|
|
|z 9789047422860
|
| 035 |
|
|
|a (MiAaPQ)EBC467655
|
| 035 |
|
|
|a (Au-PeEL)EBL467655
|
| 035 |
|
|
|a (CaPaEBR)ebr10363877
|
| 035 |
|
|
|a (CaONFJC)MIL193721
|
| 035 |
|
|
|a (OCoLC)536028499
|
| 040 |
|
|
|a MiAaPQ
|c MiAaPQ
|d MiAaPQ
|
| 050 |
|
4 |
|a DS901
|b .P65 2008
|
| 245 |
0 |
0 |
|a Politics, economy and society.
|n 2007
|h [electronic resource] /
|c edited by Rudiger Frank, James E. Hoare, Patrick Kollner, Susan Pares.
|
| 260 |
|
|
|a Leiden ;
|a Boston :
|b Brill,
|c c2008.
|
| 300 |
|
|
|a xiii, 305 p. :
|b tables, plans, map.
|
| 490 |
0 |
|
|a Korea yearbook,
|x 1875-0273 ;
|v 1
|
| 533 |
|
|
|a Electronic reproduction. Ann Arbor, MI : ProQuest, 2015. Available via World Wide Web. Access may be limited to ProQuest affiliated libraries.
|
| 651 |
|
0 |
|a Korea
|x History.
|
| 651 |
|
0 |
|a Korea
|x Politics and government.
|
| 651 |
|
0 |
|a Korea
|x Economic conditions.
|
| 651 |
|
0 |
|a Korea
|x Social conditions.
|
| 655 |
|
4 |
|a Electronic books.
|
| 700 |
1 |
|
|a Frank, Rudiger,
|d 1969-
|
| 700 |
1 |
|
|a Hoare, James.
|
| 700 |
1 |
|
|a Kollner, Patrick,
|d 1968-
|
| 700 |
1 |
|
|a Pares, Susan.
|
| 710 |
2 |
|
|a ProQuest (Firm)
|
| 856 |
4 |
0 |
|u https://ebookcentral.proquest.com/lib/matrademy/detail.action?docID=467655
|z Click to View
|